ბათუმის შოთა რუსთაველის სახელმწიფო უნივერსიტეტის ბიბლიოთეკა

The Bible for Students of Literature and Art / (ბიბ.ჩანაწერი № 61384)

000 -LEADER
fixed length control field 00556nam a22001577a 4500
005 - DATE AND TIME OF LATEST TRANSACTION
control field 20240304153807.0
008 - FIXED-LENGTH DATA ELEMENTS--GENERAL INFORMATION
fixed length control field 240304s1964 enk||||| |||| 00| 0 eng d
041 ## - LANGUAGE CODE
Language code of text/sound track or separate title eng
080 ## - UNIVERSAL DECIMAL CLASSIFICATION NUMBER
Universal Decimal Classification number 821.111.1 H-24
100 ## - MAIN ENTRY--PERSONAL NAME
Personal name Harrison, G. B.
9 (RLIN) 21308
245 ## - TITLE STATEMENT
Title The Bible for Students of Literature and Art /
Statement of responsibility, etc. G. B. Harrison.
264 ## - PRODUCTION, PUBLICATION, DISTRIBUTION, MANUFACTURE, AND COPYRIGHT NOTICE
Place of production, publication, distribution, manufacture New York,
Date of production, publication, distribution, manufacture, or copyright notice 1964.
300 ## - PHYSICAL DESCRIPTION
Extent 568 p. ;
Other physical details 17 cm.
653 ## - INDEX TERM--UNCONTROLLED
keyword ბიბლია ლიტერატურისა და ხელოვნების სტუდენტებისთვის
942 ## - ADDED ENTRY ELEMENTS (KOHA)
Source of classification or shelving scheme
Koha item type წიგნი
ეგზემპლარები
Withdrawn status Lost status Source of classification or shelving scheme Damaged status Not for loan Permanent Location Current Location Shelving location Date acquired Cost, normal purchase price Full call number Barcode Date last seen Copy number Uniform Resource Identifier Price effective from Koha item type Public note
          ბათუმის შოთა რუსთაველის სახელმწიფო უნივერსიტეტის მთავარი ბიბლიოთეკა ბათუმის შოთა რუსთაველის სახელმწიფო უნივერსიტეტის მთავარი ბიბლიოთეკა წიგნსაცავი 2024-03-04 7.00 821.111.1 H-24 67613 2024-03-04 67613 ნაჩუქარი 2024-03-04 წიგნი 7 ლ.